|
|
|
|
| LEADER |
00649cam a2200205 7i4500 |
| 001 |
0000033099 |
| 005 |
20190515090000.0 |
| 008 |
190424t20152015 |
| 020 |
# |
# |
|a 9789674114329
|
| 090 |
0 |
0 |
|a B 808.882
|b NIK (LRM)
|
| 100 |
1 |
# |
|a Nik Raihan Nik Abdul Rahman
|e author
|
| 245 |
1 |
0 |
|a BERCINTA SAMPAI SYURGA
|c NIK RAIHAN.
|
| 264 |
# |
1 |
|a Batu Caves, Selangor:
|b PTS PUBLISHING HOUSE SENDIRIAN BERHAD,
|c 2015.
|
| 264 |
# |
4 |
|c 2015.
|
| 300 |
# |
# |
|a xiv, 354 pages:
|b illustrations;
|c 23 cm.
|
| 600 |
0 |
4 |
|a Nik Raihan Nik Abdul Rahman
|
| 650 |
1 |
0 |
|a Husbands
|
| 650 |
2 |
0 |
|a Anecdotes
|
| 650 |
2 |
0 |
|a Husband and wife
|
| 999 |
|
|
|a B000037506
|b Book
|c Book
|e Business Information Centre
|